BIBLIOTHÈQUE DE LA MAISON DU MEXIQUE

Logo 1 Logo 2

El retrato de Dorian Gray. El príncipe feliz. El ruiseñor y la rosa. El crimen de Lord Arthur Saville. El fantasma de Canterville (notice nᵒ 11966)

détails MARC
000 -Sello discográfico
campo de control de longitud fija 01042nam a2200289 4500
005 - Identificación de versión
campo de control 20251016084835.0
035 ## - Otros números de control del sistema
Número de control del sistema 6991
099 ## - fechas locales
Tipo de ítem Koha LIBRO
100 ## - Datos de procesamiento general
Datos de procesamiento general 20041007d1969 m y1spay5003 ba
105 ## - Campo de datos codificados: Material textual, monográfico
Datos codificados de monografía y 001ay
200 1# - Título y mención de responsabilidad
Título propio El retrato de Dorian Gray. El príncipe feliz. El ruiseñor y la rosa. El crimen de Lord Arthur Saville. El fantasma de Canterville
Designación general del material texto impreso
Primer mención de responsabilidad Oscar Wilde
Declaración de responsabilidad subsiguiente traducción, prólogo y notas Monserrat Alfau
205 ## - Declaración de edición
Declaración de edición 1a ed
210 ## - Publicación, distribución, etc.
Lugar de publicación, distribución, etc. México
Nombre del editor, distribuidor, etc. Editorial Porrúa
Fecha de publicación, distribución, etc. 1969
215 ## - Descripción física
Designación de material específico y extensión del ítem XXVIII, 200 p
Dimensiones 22 cm
345 ## - Nota de información de adquisición
Fuente de adquisición/dirección de la suscripción [OBSOLETO] Donación
410 #1 - Series
Título Colección "Sepan Cuantos ..."
Número de volumen 133
606 ## - Término temático usado como materia
Elemento de entrada Novela irlandesa
Subdivisión cronológica Siglo XIX
Número Koha 18583
700 ## - Nombre personal - Responsabilidad primaria
Elemento de entrada Wilde
Parte del nombre distinta del elemento de entrada Oscar
Fechas 1856-1900
Número Koha 13778
702 ## - Nombre personal - Responsabilidad secundaria
Elemento de entrada Alfau Galván
Parte del nombre distinta del elemento de entrada Monserrat
Fechas 1899-1986
Adiciones a los nombres que no sean fechas Mona
Número Koha 13736
801 #0 - Fuente de origen
Agencia cm
900 ## -
-- 1/8392
900 ## -
-- 7100420158\071004
942 ## - ELEMENTOS DE ENTRADA SECUNDARIOS (KOHA)
Tipo de ítem Koha Livre
996 ## -
-- MEX
-- 751145101
-- MMAG
-- 012403
-- 080 S479 V.133
-- 20250210LIV
Exemplaires
Estatus retirado Estado de daño Estado de pérdida Fecha de adquisición Biblioteca de origen Biblioteca actual Ubicación en estantería Código de barras Precio de reemplazo Signatura topográfica completa No para préstamo Tipo de ítem Koha Nota pública Nota no pública
      05/08/2025 Casa México Paris Casa México Paris   012403 05/08/2025 080 S479 V.133   Livre 20250210LIV 751145101